| 000 | 00620nam a2200217 a 4500 | ||
|---|---|---|---|
| 001 | 24190 | ||
| 003 | BD-RjUL | ||
| 005 | 20211209001023.0 | ||
| 008 | 140312r19521945uk ||||| |||| 001 0 eng d | ||
| 035 | _a(BD-RjUL)24256 | ||
| 040 |
_aBD-RjUL _beng _cBD-RjUL |
||
| 041 | _aeng | ||
| 082 |
_a942 _bTRH 1952 |
||
| 100 | 1 |
_aTrevelyan, George Macaulay _9222709 |
|
| 245 |
_aHistory of England / _cG. M. Trevelyan |
||
| 250 | _a3rd ed. | ||
| 260 |
_aLondon : _bLongmans, Green , _c 1945 [ Impression 1952] |
||
| 300 |
_axxi, 756 p. : _bill . ; _c22 cm. |
||
| 651 |
_aGreat Britain _xHistory. _9222710 |
||
| 942 |
_2ddc _cBK _02 |
||
| 999 |
_c24190 _d24190 |
||